Ont-ils déjà joué avec... Owen Wilson ? - Statistiques

Statistiques générales
  • Ce quiz a été pris 8 fois
  • Le résultat moyen est 2 sur 10
Answers on the Grid
Answers color-coded by a green-red scale on the quiz's grid according to % correct below.
Robert Redford
Kristen Stewart
Joseph Gordon-Levitt
Lindsay Lohan
Judi Dench
Neil Patrick Harris
Phoebe Waller-Bridge
Angelina Jolie
Alicia Vikander
Robert De Niro
Ryan Gosling
Jack Nicholson
Jennifer Aniston
Justin Bieber
Liam Neeson
Jack Black
Cécile de France
Lucy Liu
Lance Armstrong
Jared Leto
 
Statistiques - réponses
Réponse % Correct
Jennifer Aniston
75%
Robert De Niro
75%
Jack Black
25%
Cécile de France
0%
Jack Nicholson
0%
Jared Leto
0%
Justin Bieber
0%
Lance Armstrong
0%
Liam Neeson
0%
Lucy Liu
0%
Aucun quiz correspondant
Distribution des résultats
% des personnes avec chaque résultat
Percentile par nombre de réponses
Votre historique - résultats
Vous n’avez pas pris ce quiz